| 000 | 00741cam a2200253 a 4500 | ||
|---|---|---|---|
| 001 | 4730066 | ||
| 003 | OSt | ||
| 005 | 20230704160106.0 | ||
| 008 | 830810s1983 ii b 001 0 eng | ||
| 010 | _a 83900882 | ||
| 020 |
_a0706912098 : _cRs75.00 |
||
| 040 |
_aDLC _cDLC _dDLC |
||
| 043 | _aa-ii--- | ||
| 050 | 0 | 0 | _aHV7 |
| 082 | 0 | 0 |
_a364.2 _bRAO |
| 100 | 2 |
_aVenugopala Rao, S., _d1918- |
|
| 245 | 1 | 0 |
_aCrime in our society : _ba political perspective / _cS. Venugopal Rao. |
| 260 |
_aNew Delhi : _bVikas, _cc1983. |
||
| 300 |
_avi, 153 p. ; _c23 cm. |
||
| 504 | _aIncludes bibliographical references and index. | ||
| 650 | 0 |
_aCrime _xPolitical aspects _zIndia. |
|
| 906 |
_a7 _bcbc _corignew _d3 _encip _f19 _gy-gencatlg |
||
| 942 |
_2ddc _cBK |
||
| 999 |
_c3926 _d3926 |
||